书目信息 |
| 题名: |
线性时变离散系统
|
|
| 作者: | 王宏禹 , 邱天爽 著 | |
| 分册: | ||
| 出版信息: | 北京 国防工业出版社 2008 |
|
| 页数: | 197页 | |
| 开本: | 26cm | |
| 丛书名: | ||
| 单 册: | ||
| 中图分类: | O231.1 | |
| 科图分类: | ||
| 主题词: | 线性系统--时变系统--离散系统 , 线性系统 , 时变系统 , 离散系统 | |
| 电子资源: | ||
| ISBN: | 978-7-118-05564-1 | |
| 000 | 00983nam0 2200265 45 | |
| 005 | 20100303153540.21 | |
| 010 | @a978-7-118-05564-1@dCNY28.00 | |
| 100 | @a20100121d2008 ekmy0chiy0120 ea | |
| 101 | 0 | @achi |
| 102 | @aCN@b110000 | |
| 105 | @ay z 000yy | |
| 106 | @ar | |
| 200 | 1 | @a线性时变离散系统@AXian Xing Shi Bian Li San Xi Tong@f王宏禹,邱天爽著@FWang Hong Yu, Qiu Tian Shuang Zhu |
| 210 | @a北京@c国防工业出版社@d2008 | |
| 215 | @a197页@d26cm | |
| 330 | @a本书共9章,包括线性时不变系统基本理论概述,线性时变离散系统的基本理论,线性时变数字滤泼器的设计,求解线性离散系统差分方程的E变换法,线性时变系统的极点与零点,非平稳随机信号时变参数模型估计,线性周期时变离散系统等。 | |
| 606 | 0 | @a线性系统@x时变系统@x离散系统 |
| 606 | 0 | @a线性系统 |
| 606 | 0 | @a时变系统 |
| 606 | 0 | @a离散系统 |
| 690 | @aO231.1@v4 | |
| 701 | 0 | @a王宏禹@AWang Hong Yu@4著 |
| 701 | 0 | @a邱天爽@AQiu Tian Shuang@4著 |
| 801 | 0 | @aCN@bTANGWEI@c20100303 |
| 905 | @b0584960-64@dO231.1@e46@f5 | |
| 线性时变离散系统/王宏禹,邱天爽著.-北京:国防工业出版社,2008 |
| 197页;26cm |
| ISBN 978-7-118-05564-1:CNY28.00 |
| 本书共9章,包括线性时不变系统基本理论概述,线性时变离散系统的基本理论,线性时变数字滤泼器的设计,求解线性离散系统差分方程的E变换法,线性时变系统的极点与零点,非平稳随机信号时变参数模型估计,线性周期时变离散系统等。 |
| ● |
| 相关链接 |
|
|
|
|
正题名:线性时变离散系统
索取号:O231.1/46
 
预约/预借
| 序号 | 登录号 | 条形码 | 馆藏地/架位号 | 状态 | 备注 |
| 1 | 0584960 | 205849607 | 第二样本阅览室/ [索取号:O231.1/46] | 在馆 | |
| 2 | 0584961 | 205849616 | 第三借阅区/ [索取号:O231.1/46] | 在馆 | |
| 3 | 0584962 | 205849625 | 第三借阅区/ [索取号:O231.1/46] | 在馆 | |
| 4 | 0584963 | 205849634 | 第三借阅区/ [索取号:O231.1/46] | 在馆 | |
| 5 | 0584964 | 205849643 | 第三借阅区/ [索取号:O231.1/46] | 在馆 |